000 00675cam a22002413a 4500
001 30360
003 PGUSA
005 20140828083645.0
008 091030s2009||||xxu|||||s|||||000 | eng d
040 _aPGUSA
_beng
042 _adc
050 4 _aHQ
245 1 0 _aMy Secret Life, Volumes I. to III. :
_b1888 Edition
_h[electronic resource] /
_cAnonymous
260 _bProject Gutenberg,
_c2009
506 _aPublic domain in the USA.
516 _aElectronic text
653 _aPornography
653 _aErotic literature
653 _aSex addicts -- Biography
830 0 _aProject Gutenberg
_v30360
856 4 0 _uhttp://www.gutenberg.org/ebooks/30360
942 _cEB
999 _c259615
_d259615